000 00458nam a22001937a 4500
003 MPLRDC
005 20220104144451.0
008 210129b ||||| |||| 00| 0 eng d
020 _a9971-4-6241-9
082 _a859.6 SB
100 _a宋波编写
245 _a不要黄金的人
_c
250 _a初版
260 _a
_b联邦出版社
_c1987
300 _b
490 _a中国少数民族民间故事选
650 _a
942 _cBK
_o859.6 SB
999 _c49889
_d49879